01018nam a22002177a 4500020001800000040000900018082001400027100002500041110004400066245003500110250001600145260003600161650004500197942001400242999001900256952010500275952010500380952010500485952010500590952010500695 a9781259025570 cNUST a604.2 JEN aJensen, Cecil982672 a Helsel, Jay D Short, Dennis R991775 aEngineering Drawing and Design a7th edition aNEW DELHI:bMcGraw-Hill,c2012. aDME.TEXTBOOK. ENGINEERING DRAWING991844 2ddccTEXT c589978d589978 00102ddc4070aCEMEbCEMEcTEXTd2022-05-25l0o604.2 JENpCEME-48325r2022-05-25w2022-05-25yREF 00102ddc4070aCEMEbCEMEcTEXTd2022-05-25l0o604.2 JENpCEME-48326r2022-05-25w2022-05-25yREF 00102ddc4070aCEMEbCEMEcTEXTd2022-05-25l0o604.2 JENpCEME-48327r2022-05-25w2022-05-25yREF 00102ddc4070aCEMEbCEMEcTEXTd2022-05-25l0o604.2 JENpCEME-48328r2022-05-25w2022-05-25yREF 00102ddc4070aCEMEbCEMEcTEXTd2022-05-25l0o604.2 JENpCEME-48329r2022-05-25w2022-05-25yREF